01073cam a2200253 a 4500001000400000003001000004005001700014008004100031020001800072040002500090080001700115090001800132100002900150245022600179260003800405300002000443650002300463650002700486650003700513942001200550952012200562952012200684999001300806309BR-CuiBMT20231123041730.0230929s2012 mgb 000 0 por d a9788577005567 aBR-CuiBMTcBR-CuiBMT 22007a347.96 a347.96bS729m1 aSouza, Luciane Moessa de10aMediação de conflitos coletivos :ba aplicação dos meios consensuais à solução de controvérsias que envolvem políticas públicas de concretização de direitos fundamentais /cLuciane Moessa de Souza. aBelo Horizonte :bFórum,c2012. a258 p. ;c22 cm aDireito processual aDireito constitucional aMediaçãoxDireito processual 2udccLV 00102udc4070aBIBTCEMTbBIBTCEMTd2023-07-28l0o347.96 S729mpBIBTCEMT23090110r2023-09-29tEx. 1w2023-09-29yLV 00102udc4070aBIBTCEMTbBIBTCEMTd2023-07-28l0o347.96 S729mpBIBTCEMT23090111r2023-09-29tEx. 2w2023-09-29yLV c309d309